El camino de las lagrimas /

Guardado en:
Autor Principal: Bucay, Jorge
Formato: Libro
Publicado: Buenos Aires : Nuevo Extremo, 2003
Edición:12a. ed.
Series:Colec. Hojas de Ruta
Materias:
Etiquetas: Agregar Etiqueta
Sin Etiquetas, Sea el primero en etiquetar este registro!
LEADER 00545nam a22002055a 4500
001 CEM.cems011302
005 20060214000000.0
008 130507s2003##################000#0#####d
003 CEMS
082 0 4 |a 157 
100 1 |a Bucay, Jorge 
245 1 0 |a El camino de las lagrimas / 
250 |a 12a. ed. 
260 |a Buenos Aires :  |b Nuevo Extremo,  |c 2003 
300 |a 223 p. 
490 0 |a Colec. Hojas de Ruta 
653 |a Psicologia 
653 |a Autoayuda 
653 |a Duelo [psicologia] 
859 |a CEMS  |b BIB. CEMS - 11 de abril  |h 157  |i B85-2  |p 22221.03  |t Ej.1